| 000 | 00438nam a22001457a 4500 | ||
|---|---|---|---|
| 999 |
_c531600 _d531600 |
||
| 003 | NUST | ||
| 005 | 20191021152836.0 | ||
| 038 | _aNusrat Nadeem | ||
| 082 | _a004 RAB | ||
| 100 |
_aDilnawaz Rabab _924496 |
||
| 245 |
_aMS/Thesis:Molecular Modeling Strategies to Probe Stereoselectivity of HIV Protease Inhibitors _cRabab Dilnawaz |
||
| 260 |
_aIslamabad _bRCMS NUST _c2019 |
||
| 700 | _4Dr. Ishrat Jabeen (Supervisor) | ||
| 942 |
_2ddc _cTHE |
||